000 01146nam a2200301 i 4500
001 52094
003 ES-MaACL
005 20250825112756.0
007 t|
008 030825s1976 sp ||||1| spa d
017 _aV 672-1976
_bOficina Depósito Legal Valencia
020 _a8460068951
040 _cES-MaACL
100 1 _aChomsky, Noam,
_d1928-
_938607
_eaut
245 1 3 _aLa naturaleza humana :
_b¿justicia o poder? /
_cNoam Chomsky, Michel Foucault ; introducción de Manuel Garrido ; versión de Ana Sánchez.
260 _aValencia :
_bUniversidad de Valencia, Departamento de Lógica y Filosofía de la Ciencia,
_c1976.
300 _a51 páginas ;
_c22 cm.
490 1 _aCuadernos Teorema
655 0 _aEnsayos
_9176636
700 1 _aFoucault, Michel,
_d1926-1984
_9241486
_eaut
700 1 _aGarrido, Manuel,
_d1925-2015
_955680
_eaui
700 0 _aSánchez, Ana
_9102338
_etrl
852 _aES-MaACL
_jA-5643
_bR.94395
_954068
_cSPP1
_xEncuadernación rústica
_hDonación: Editorial
942 _cMONOGRAFIA
_n0
999 _c52094
_d52094